[Event "Pan American-ch Hybrid U18 Girls 31st"]
[Site "Tornelo INT"]
[Date "2021.09.04"]
[Round "3"]
[White "Samuel Bisnath, Keira"]
[Black "Felix, Jhulia Vitoria"]
[Result "1-0"]
[WhiteElo "1095"]
[BlackElo "1409"]
[PlyCount "53"]
[EventDate "2021.09.04"]
[EventType "swiss"]
[EventRounds "9"]
[EventCountry "NET"]
[SourceTitle "EXT 2023"]
[Source "ChessBase"]
[SourceDate "2022.10.05"]
[SourceVersion "1"]
[SourceVersionDate "2022.10.05"]
[SourceQuality "1"]

1. e4 e6 2. d4 d5 3. Nc3 c5 4. Nf3 Nc6 5. dxc5 Bxc5 6. exd5 exd5 7. Be2 d4 8. Ne4 Bb6 9. 0-0 Nge7 10. Ng3 h6 11. Bd2 0-0 12. Bd3 Qd6 13. a3 Bg4 14. h3 Be6 15. Re1 Qc7 16. Nh4 Nf5 17. Nhxf5 Bxf5 18. Nxf5 Rfe8 19. Qg4 Rxe1+ 20. Rxe1 g5 21. Nxh6+ Kh8 22. Qxg5 f6 23. Qxf6+ Qg7 24. Qxg7+ Kxg7 25. Re4 Bc7 26. Rg4+ Kh8 27. Nf7# 1-0

[Event "Pan American-ch Hybrid U18 Girls 31st"]
[Site "Tornelo INT"]
[Date "2021.09.04"]
[Round "7"]
[White "Samuel Bisnath, Keira"]
[Black "Perez Canete, Dora Romina"]
[Result "0-1"]
[WhiteElo "1095"]
[BlackElo "1398"]
[PlyCount "98"]
[EventDate "2021.09.04"]
[EventType "swiss"]
[EventRounds "9"]
[EventCountry "NET"]
[SourceTitle "EXT 2023"]
[Source "ChessBase"]
[SourceDate "2022.10.05"]
[SourceVersion "1"]
[SourceVersionDate "2022.10.05"]
[SourceQuality "1"]

1. e4 e5 2. Nf3 d6 3. Bc4 Bg4 4. h3 Bh5 5. Be2 Nf6 6. d3 Nc6 7. Be3 Be7 8. Nc3 h6 9. 0-0 0-0 10. Nh4 Bxe2 11. Qxe2 Nxe4 12. Nxe4 Bxh4 13. g3 f5 14. Nc3 Be7 15. Rae1 d5 16. Bc1 Nd4 17. Qd1 Bf6 18. Kg2 e4 19. dxe4 fxe4 20. b3 Nf3 21. Re3 Bxc3 22. Rxc3 d4 23. Rc4 Qd5 24. Qe2 e3 25. fxe3 Nd2+ 26. e4 Nxe4 27. Rxf8+ Rxf8 28. Kg1 Nxg3 29. Qg2 Qe5 30. Bb2 Rf1+ 31. Qxf1 Nxf1 32. Kxf1 c5 33. b4 cxb4 34. Rxd4 Qf5+ 35. Ke2 Qxc2+ 36. Rd2 Qc4+ 37. Kd1 Qxa2 38. Bc1 Qb3+ 39. Ke2 Qxh3 40. Kd1 b3 41. Rd8+ Kh7 42. Rb8 Qh1+ 43. Kd2 Qh2+ 44. Kc3 Qxb8 45. Kxb3 Qg3+ 46. Ka4 Qc3 47. Ba3 Qc4+ 48. Bb4 a5 49. Kxa5 Qa6# 0-1

[Event "Pan American-ch Hybrid U18 Girls 31st"]
[Site "Tornelo INT"]
[Date "2021.09.04"]
[Round "8"]
[White "Samuel Bisnath, Keira"]
[Black "Rozas Lazcano, Valeska"]
[Result "0-1"]
[WhiteElo "1095"]
[BlackElo "1399"]
[PlyCount "116"]
[EventDate "2021.09.04"]
[EventType "swiss"]
[EventRounds "9"]
[EventCountry "NET"]
[SourceTitle "EXT 2023"]
[Source "ChessBase"]
[SourceDate "2022.10.05"]
[SourceVersion "1"]
[SourceVersionDate "2022.10.05"]
[SourceQuality "1"]

1. e4 c5 2. Nf3 g6 3. d4 cxd4 4. Nxd4 Bg7 5. Be2 Nc6 6. Nb3 Nf6 7. Nc3 0-0 8. 0-0 d6 9. Be3 a6 10. Kh1 b5 11. a3 Bb7 12. f4 Rc8 13. Bd3 Na5 14. Nd4 Nc4 15. Qc1 Nxe3 16. Qxe3 Ng4 17. Qg1 Qb6 18. Nde2 Qxg1+ 19. Kxg1 Ne3 20. Rf3 Nc4 21. Bxc4 Rxc4 22. Nd5 Bxd5 23. exd5 Rxc2 24. Nc3 Rxb2 25. Re1 Rb3 26. Ne4 Rxf3 27. gxf3 Rc8 28. Ng3 Bf6 29. Ne4 Kg7 30. Kg2 Rc2+ 31. Kh3 Ra2 32. Nxf6 Kxf6 33. Re3 Rd2 34. a4 b4 35. a5 Rxd5 36. Rb3 Rb5 37. Kg4 h5+ 38. Kh4 Kf5 39. Kg3 d5 40. Re3 e6 41. Re5+ Kf6 42. Kf2 b3 43. Re1 Rxa5 44. Rb1 Ra2+ 45. Kg3 b2 46. Kf2 a5 47. Ke3 a4 48. Kd2 a3 49. Kc2 Ra1 50. h3 Rxb1 51. Kxb1 Kf5 52. Ka2 Kxf4 53. Kxa3 b1Q 54. h4 d4 55. Ka4 d3 56. Ka3 d2 57. Ka4 d1Q+ 58. Ka3 Qdb3# 0-1

[Event "World Cup U18 Girls Prel"]
[Site "Tornelo INT"]
[Date "2021.08.01"]
[Round "5"]
[White "Aminuddin, Nur Faiqah"]
[Black "Samuel Bisnath, Keira"]
[Result "1-0"]
[WhiteElo "1437"]
[BlackElo "1095"]
[PlyCount "59"]
[EventDate "2021.08.01"]
[EventType "swiss (rapid)"]
[EventRounds "10"]
[EventCountry "NET"]
[SourceTitle "EXT 2024"]
[Source "ChessBase"]
[SourceDate "2023.10.10"]
[SourceVersion "1"]
[SourceVersionDate "2023.10.10"]
[SourceQuality "1"]

1. Nf3 Nc6 2. d4 d5 3. g3 Nf6 4. Bg2 Bf5 5. 0-0 e6 6. c3 Bd6 7. Bg5 0-0 8. Nbd2 h6 9. Bxf6 Qxf6 10. Re1 Rad8 11. e4 dxe4 12. Nxe4 Bxe4 13. Rxe4 Qg6 14. Qe2 f5 15. Rxe6 Qg4 16. Re1 Qh5 17. Qc4 Kh8 18. Ne5 Kh7 19. Nxc6 bxc6 20. Qxc6 f4 21. Be4+ Kh8 22. Bg6 fxg3 23. Bxh5 gxf2+ 24. Kf1 fxe1Q+ 25. Kxe1 Bxh2 26. Be2 Bg3+ 27. Kd1 Bf4 28. Bd3 Bg5 29. Qe4 Kg8 30. Bc4 1-0

[Event "World Cup U18 Girls Prel"]
[Site "Tornelo INT"]
[Date "2021.08.01"]
[Round "6"]
[White "Samuel Bisnath, Keira"]
[Black "Alvarez, Claudia"]
[Result "1/2-1/2"]
[WhiteElo "1095"]
[BlackElo "1619"]
[PlyCount "74"]
[EventDate "2021.08.01"]
[EventType "swiss (rapid)"]
[EventRounds "10"]
[EventCountry "NET"]
[SourceTitle "EXT 2024"]
[Source "ChessBase"]
[SourceDate "2023.10.10"]
[SourceVersion "1"]
[SourceVersionDate "2023.10.10"]
[SourceQuality "1"]

1. e4 e5 2. Nf3 Nc6 3. Bc4 Nf6 4. d3 Bc5 5. 0-0 d6 6. h3 a6 7. a4 h6 8. Nc3 0-0 9. Be3 Bxe3 10. fxe3 Re8 11. Qe1 Be6 12. Bxe6 Rxe6 13. Ne2 d5 14. exd5 Nxd5 15. Ng3 Nce7 16. e4 Nf4 17. Nh4 Qd6 18. Nhf5 Nxf5 19. Nxf5 Qc5+ 20. Ne3 Rg6 21. Kh1 Re8 22. Rf3 Ree6 23. Qf2 Ref6 24. Rg1 Qd4 25. Kh2 Qxb2 26. g3 Nh5 27. Rxf6 Rxf6 28. Nf5 Kh7 29. g4 Nf4 30. g5 Rg6 31. Qh4 Qxc2+ 32. Kh1 Rxg5 33. Rxg5 Qd1+ 34. Rg1 Qf3+ 35. Kh2 Qe2+ 36. Kh1 Qf3+ 37. Kh2 Qe2+ 1/2-1/2

[Event "World Cup U18 Girls Prel"]
[Site "Tornelo INT"]
[Date "2021.08.01"]
[Round "10"]
[White "Samuel Bisnath, Keira"]
[Black "Azal, Nasir"]
[Result "0-1"]
[WhiteElo "1095"]
[BlackElo "1515"]
[PlyCount "104"]
[EventDate "2021.08.01"]
[EventType "swiss (rapid)"]
[EventRounds "10"]
[EventCountry "NET"]
[SourceTitle "EXT 2024"]
[Source "ChessBase"]
[SourceDate "2023.10.10"]
[SourceVersion "1"]
[SourceVersionDate "2023.10.10"]
[SourceQuality "1"]

1. e4 c5 2. Nf3 d6 3. d4 cxd4 4. Nxd4 Nf6 5. Nc3 g6 6. Be2 Bg7 7. 0-0 0-0 8. Be3 Nc6 9. Nb3 Bd7 10. Qd2 Rc8 11. Kh1 Ne5 12. h3 Nc4 13. Bxc4 Rxc4 14. f3 a6 15. Bh6 b5 16. Bxg7 Kxg7 17. a3 Qb6 18. f4 Nxe4 19. Nxe4 Rxe4 20. Qc3+ Kg8 21. Qg3 Rc8 22. Rac1 Qe3 23. Qxe3 Rxe3 24. c3 Re2 25. Rb1 Bf5 26. Nd4 Bxb1 27. Nxe2 Bd3 28. Re1 Bxe2 29. Rxe2 Kf8 30. g4 e6 31. Kg2 Ke7 32. Kg3 Rc5 33. f5 gxf5 34. gxf5 Rxf5 35. Kg4 h5+ 36. Kg3 Re5 37. Rxe5 dxe5 38. Kf3 f5 39. b3 Kd6 40. Ke3 Kd5 41. Kd3 e4+ 42. Ke3 e5 43. c4+ bxc4 44. b4 c3 45. a4 f4+ 46. Ke2 f3+ 47. Ke3 Kc4 48. b5 axb5 49. a5 c2 50. Kd2 f2 51. a6 f1Q 52. a7 c1Q# 0-1

[Event "Wch FIDE Online U16 Girls America qual"]
[Site "Tornelo INT"]
[Date "2020.12.03"]
[Round "4"]
[White "Samuel Bisnath, Keira"]
[Black "Johnson, Azaria"]
[Result "1-0"]
[WhiteElo "1063"]
[BlackElo "1383"]
[PlyCount "71"]
[EventDate "2020.12.01"]
[EventType "swiss (rapid)"]
[EventRounds "7"]
[EventCountry "ISS"]
[SourceTitle "EXT 2022"]
[Source "ChessBase"]
[SourceDate "2021.10.06"]
[SourceVersion "1"]
[SourceVersionDate "2021.10.06"]
[SourceQuality "1"]

1. e4 e5 2. Nf3 Nc6 3. Bc4 Bc5 4. 0-0 d6 5. d3 Nf6 6. Nc3 0-0 7. h3 h6 8. Be3 Bb6 9. Re1 Ne7 10. Ne2 Ng6 11. Ng3 Re8 12. Nf5 Be6 13. Bb3 Bxe3 14. fxe3 c6 15. c3 Qd7 16. Rf1 Bxf5 17. exf5 Qxf5 18. Nh2 Qd7 19. Qe2 d5 20. Rf3 e4 21. dxe4 Nxe4 22. Raf1 Ng5 23. Rf5 Re7 24. c4 dxc4 25. Bxc4 Rae8 26. Qf2 Ne5 27. Bb3 Ne4 28. Qf4 Nd2 29. Rd1 g6 30. Rf6 Nd3 31. Qxh6 Nxb3 32. axb3 Rxe3 33. Ng4 Re1+ 34. Rxe1 Nxe1 35. Rf1 Nc2 36. Nf6# 1-0

[Event "Wch FIDE Online U16 Girls America qual"]
[Site "Tornelo INT"]
[Date "2020.12.02"]
[Round "2"]
[White "Samuel Bisnath, Keira"]
[Black "Borda Rodas, Anapaola S"]
[Result "0-1"]
[WhiteElo "1063"]
[BlackElo "1994"]
[PlyCount "46"]
[EventDate "2020.12.01"]
[EventType "swiss (rapid)"]
[EventRounds "7"]
[EventCountry "ISS"]
[SourceTitle "EXT 2022"]
[Source "ChessBase"]
[SourceDate "2021.10.06"]
[SourceVersion "1"]
[SourceVersionDate "2021.10.06"]
[SourceQuality "1"]

1. e4 e5 2. Nf3 Nc6 3. Bc4 Bc5 4. 0-0 Nf6 5. d3 0-0 6. Nc3 h6 7. Be3 Bb6 8. h3 d6 9. Ne2 Be6 10. Bb3 Ne7 11. Ng3 Ng6 12. Nf5 d5 13. exd5 Bxf5 14. Re1 Re8 15. c4 c6 16. dxc6 bxc6 17. Bc2 Rb8 18. Bb1 Bxe3 19. Rxe3 Rxb2 20. Qa4 Qb8 21. Re1 Qb6 22. Qa3 Qxf2+ 23. Kh1 Qxg2# 0-1